000 00732nam a2200253 a 4500
999 _c1421
_d1421
007 ta
008 200101r20092012ii a|||g |||| 001 0 eng d
020 _a9780070087699
_cRs. 410.00
040 _aKO
_beng
041 0 _aeng
044 _aii
082 0 4 _223
_a671
_bR1801
100 1 _aRao, P. N.
245 1 0 _aManufacturing technology, Vol. 2 :
_bmetal cutting and machine tools /
_cP. N. Rao
250 _a2nd ed.
260 _aNew Delhi :
_bTata McGraw Hill Education Private Limited ,
_c2009, reprinted 2012.
300 _axiv, 476 p. :
_bill. ;
_c24 cm
504 _aIncludes Index.
650 0 _aManufacturing processes
_vTextbooks
650 0 _aMetal-cutting
_vTextbooks
904 _aA_BOSE
942 _cBK